| 000 | 01333nam a22002537a 4500 | ||
|---|---|---|---|
| 999 |
_c59411 _d59411 |
||
| 003 | Ge_BSU | ||
| 005 | 20230213125753.0 | ||
| 008 | 230213s2004 ge ||||| |||| 00| 0 geo d | ||
| 020 | _a9994072935 | ||
| 041 | _ageo | ||
| 080 | _a343.615 ბ-32 | ||
| 100 |
_aბაქაქური, ნინო _95914 |
||
| 245 |
_aოჯახური ძალადობა და ადამიანების ტრეფიკინგი = Domestic violence and human trafficing : _bროგორ დავიცვათ ჩვენი უფლებები : [გზამკვლევი / _cთარგმ.: გიორგი კუკულავა ; რედ.: ირაკლი სესიაშვილი] ; საია. |
||
| 264 |
_aთბილისი, _c2004. |
||
| 300 |
_a168გვ. ; _b20სმ. |
||
| 504 | _aბიბლიოგრ. ტექსტის შენიშვნ. | ||
| 520 | _a რეზ. ინგლ. ენ. | ||
| 653 | _a ძალადობა ოჯახში | ||
| 653 | _a ტრეფიკინგი | ||
| 700 |
_aკუკულავა, გიორგი _eმთარგმნელი _97012 |
||
| 700 |
_aსესიაშვილი, ირაკლი _eრედაქტორი _916898 |
||
| 710 |
_aსაია _916851 |
||
| 942 |
_2udc _cBK |
||